| 000 | 00842nas a2200277 4500 | ||
|---|---|---|---|
| 001 | BR8306341 | ||
| 003 | BR-BrBNA | ||
| 005 | 20231205085723.0 | ||
| 007 | ta | ||
| 008 | 230509b bl.|||p| |||| 00| 00por d | ||
| 040 |
_aBR-BrBNA _bpor _cBiblioteca Nacional de Agricultura |
||
| 041 | _a(Pt) | ||
| 072 | _aN20; P06; E12 | ||
| 100 | 1 | _aFinch, E.O. | |
| 100 | 1 | _aBahia, F.G.F.T.C. | |
| 245 | 1 | _aTransformacao de um trator agricola de ciclo diesel em ciclo otto a alcool | |
| 650 | _aTRATOR | ||
| 650 | _aOLEO DIESEL | ||
| 650 | _aALCOOL | ||
| 650 | _aMOTOR | ||
| 650 | _aCUSTO | ||
| 650 | _aMAO-DE-OBRA | ||
| 773 | 0 |
_tInforme Agropecuario - Empresa de Pesquisa Agropecuaria de Minas Gerais (Brazil) _xISSN 0100-3364 _g(Jul 1983), v. 9(103) p. 16-18 _wBR8306341 |
|
| 909 |
_a202311 _bLúcia _c55 _dLúcia Elande |
||
| 942 |
_2AGRIS _n0 _cANA |
||
| 999 |
_c113340 _d113340 |
||